Statistics for My Chemical Romance Famous Last Words Lyrics

Click here to take the quiz!

General Stats

  • This quiz has been taken 256 times
  • The average score is 364 of 421

Answer Stats

Answer% Correct
I
99%
a
98%
A
98%
you
98%
not
96%
To
96%
to
96%
And
95%
and
95%
can
95%
Can
95%
Nothing
95%
nothing
95%
On
95%
on
95%
say
95%
the
95%
know
94%
me
94%
stay
94%
that
94%
your-
94%
your
94%
am
92%
but
92%
But
92%
keep
92%
this
92%
afraid
91%
alone
91%
be
91%
can't
91%
heart
91%
living
91%
walk
91%
going
90%
home
90%
if
90%
make
90%
stop
90%
world
90%
change
89%
where's
89%
forgiven
88%
Honey
88%
there's
88%
So
87%
so
87%
I'll
86%
part
86%
speak
86%
see
83%
bright
78%
next
77%
words
77%
dead
76%
many
76%
shadow
76%
Now
75%
Or
75%
or
75%
weak
75%
I'd
74%
lying
74%
With
74%
asleep
73%
cast
73%
demanding
73%
I'm
73%
it
73%
lights
73%
my
73%
never
73%
that's
73%
thought
73%
are
72%
is
72%
Is
72%
Awake
71%
love
71%
eyes
70%
get
69%
other
69%
shining
69%
side
69%
understanding
68%
hard
67%
black
66%
life
66%
unafraid
65%
mirror
64%
Well
64%
Cause
63%
cause
63%
here
63%
hotel
61%
incomplete
61%
jet
60%
out
58%
These
54%
of
53%
they
51%
always
46%
have
46%
blinded
38%

Score Distribution

Percentile by Number Answered

Percent of People with Each Score

Your Score History

You have not taken this quiz